[Event "HCL-C4132"]
[Site "www.playchess.de"]
[Date "2006.02.01"]
[Round "5"]
[White "simple"]
[Black "Skipper_Robert"]
[WhiteElo "765"]
[BlackElo "991"]
[PlyCount "49"]
[Result "1-0"]

1.e4 e5 2.Nf3 Nc6 3.c3 d6 4.Qb3 h6 5.h3 b6 6.d4 
exd4 7.g4 dxc3 8.Qxc3 Qd7 9.Bb5 Nge7 10.e5 a6 
11.Bxc6 Nxc6 12.O-O Bb7 13.Qe3 Nb4 14.Na3 Qc6 
15.Bd2 Nc2 16.Nxc2 Qxc2 17.Rac1 Qxb2 18.exd6+ Kd7 
19.Rxc7+ Kxd6 20.Qf4+ Kd5 21.Qc4+ Kd6 22.Bf4+ Qe5 
23.Rd1+ Bd5 24.Bxe5+ Ke6 25.Qxd5+ 1-0

[Event "HCL-E1569"]
[Site "www.playchess.de"]
[Date "2006.02.01"]
[Round "5"]
[White "BohdanL"]
[Black "alldrix"]
[WhiteElo "1532"]
[BlackElo "1624"]
[PlyCount "96"]
[Result "1/2-1/2"]

1.c4 {hi, have a nice game}  e6 {hi! likewise}  
2.Nf3 f5 3.g3 Nf6 4.Bg2 Be7 5.O-O O-O 6.b3 c6 
7.Bb2 d5 8.Qc2 Nbd7 9.e3 Ne8 10.Nc3 Bf6 11.d4 Nd6 
12.Ba3 Be7 13.Bxd6 Bxd6 14.c5 Bc7 15.Ne2 Nf6 
16.Rab1 Ne4 17.Nd2 Qg5 18.Qd3 Bd7 19.f3 Nf6 20.e4 
fxe4 21.fxe4 b6 {dont you ever sleep? :)}  22.e5 
{sometimes yes, and what about you :-)}  Ng4 {me 
too, i hate sleeping :D}  23.Nf3 {what do you do 
(work) in Brazil?}  Qe3+ {i 'm web programmer. 
That's why i always here in internet 
:D
how about you?}  24.Qxe3 {work at university, a 
lot time with computer, also at home}  Nxe3 {i'm 
teacher too, but I only work at morning}  25.Rfc1 
{i'm reseacher, were do you live?}  bxc5 
{Aracaju..northeast of Brazil}  26.dxc5 {it is not 
a large city?}  Nxg2 {it's the capital of the 
smallest state of Brazil, Sergipe. It has 600 
thousand habitants. It 's at coast.
}  27.Kxg2 {is it summer whole year, we have now 
-30}  Bc8 {http://lve.scola.ac-paris.fr/portugais/site%20internet%20ac%20images/photos%20pays%20luso/mapa_brasil_regioes.gif
look where I am
here is hot every day.. but in june/july rain a 
lot

and where are you from?

}  28.Ned4 {western Ukraine, but work now in 
Holland}  Bd7 {great}  29.b4 a6 30.Rce1 h6 31.Rb2 
Bb8 32.Nh4 Kh7 33.Rb3 {(offering draw)}  g5 
34.Nhf3 Ba7 35.Rf1 Kg6 36.h3 Rf7 37.Nd2 Bb8 38.Re3 
Bc7 39.Rxf7 Kxf7 40.N2f3 Rb8 41.a3 a5 42.Rb3 axb4 
43.Rxb4 Ke7 44.g4 Be8 45.Kg3 Kd7 46.h4 gxh4+ 
47.Kxh4 Rxb4 48.axb4 Bd8+ {(offering draw)} 
 1/2-1/2

[Event "HCL-M857"]
[Site "www.playchess.de"]
[Date "2006.02.01"]
[Round "10"]
[White "Duke01"]
[Black "SABU"]
[WhiteElo "1680"]
[BlackElo "2051"]
[PlyCount "72"]
[Result "0-1"]

1.e4 e5 2.Nf3 Nc6 3.Bb5 Nf6 4.O-O Nxe4 5.Re1 Nd6 
6.Nxe5 Be7 7.Bxc6 dxc6 8.d4 O-O 9.Nc3 Nf5 10.d5 
cxd5 11.Nxd5 Be6 12.Nxe7+ Qxe7 13.c3 f6 14.Nf3 
Rfe8 15.Qa4 Qf7 16.Bf4 c6 17.Qc2 g5 18.Bxg5 fxg5 
19.Nxg5 Qg6 20.Nxe6 Rxe6 21.Qb3 Rae8 22.Rxe6 Qxe6 
23.Re1 Qxb3 24.Rxe8+ Kf7 25.axb3 Kxe8 26.Kf1 Ng7 
27.Ke2 Ne6 28.Ke3 Nc5 29.b4 Na4 30.h4 Nxb2 31.Kd4 
b6 32.f4 a5 33.bxa5 bxa5 34.c4 Nd1 35.g4 a4 36.Kd3 
a3 0-1

[Event "HCL-C4030"]
[Site "www.playchess.de"]
[Date "2006.02.01"]
[Round "17"]
[White "Ironside"]
[Black "Grunert"]
[WhiteElo "950"]
[BlackElo "909"]
[PlyCount "24"]
[Result "0-1"]

1.d3 d5 2.f4 e6 3.Nc3 a6 4.h4 Nc6 5.g4 Nf6 6.e3 e5 
7.f5 g6 8.fxg6 hxg6 9.g5 Nh5 10.Nf3 Bg4 11.Be2 
Bxf3 12.Bxf3 Ng7 0-1

[Event "HCL-A2540"]
[Site "www.playchess.de"]
[Date "2006.02.01"]
[Round "16"]
[White "jjn2"]
[Black "HOTSUN"]
[WhiteElo "1772"]
[BlackElo "1603"]
[PlyCount "37"]
[Result "1-0"]

1.c4 c5 {hi}  2.g3 {Hi}  Nc6 3.Bg2 b6 4.d4 cxd4 
5.Nf3 Bb7 6.Nxd4 e5 7.Nf5 Qf6 8.Ne3 Nge7 9.Nc3 Ng6 
10.h4 Bb4 11.Ned5 Bxc3+ 12.Nxc3 h6 13.Ne4 Qe6 
14.Nd6+ Ke7 15.Nxb7 Rab8 16.Bd5 Qf6 17.Bg5 hxg5 
18.hxg5 Rxh1+ 19.Bxh1 1-0

[Event "HCL-A2506"]
[Site "www.playchess.de"]
[Date "2006.02.01"]
[Round "7"]
[White "ppadala"]
[Black "Emerson"]
[WhiteElo "1333"]
[BlackElo "1752"]
[PlyCount "56"]
[Result "0-1"]

1.e4 c5 2.d4 cxd4 3.c3 dxc3 4.Nxc3 Nc6 5.Nf3 g6 
6.Bc4 Bg7 7.O-O d6 8.Qe2 Nh6 9.Bf4 Bg4 10.Rfd1 Qb6 
11.Nd5 Qd8 12.Qe3 Bxf3 13.Bxh6 Bxd1 14.Bxg7 Rg8 
15.Rxd1 Rxg7 16.Qh6 Kf8 17.Nf4 Ne5 18.Be6 Qa5 
19.Bb3 Qc5 20.Nh3 Ng4 21.Qf4 Nf6 22.Ng5 h6 23.Nxf7 
g5 24.Qf3 Rxf7 25.Bxf7 Kxf7 26.h3 Rb8 27.Re1 Qe5 
28.b3 Rc8 0-1

[Event "HCL-C4103"]
[Site "www.playchess.de"]
[Date "2006.02.01"]
[Round "4"]
[White "nichju"]
[Black "tbouma"]
[WhiteElo "1019"]
[BlackElo "1172"]
[PlyCount "82"]
[Result "0-1"]

1.e4 {Hello again}  e5 {hi!}  2.Nf3 Nc6 3.c3 Bc5 
4.Bb5 Nf6 5.b4 Bb6 6.d4 Nxe4 7.O-O O-O 8.dxe5 a6 
9.Bg5 Qe8 10.Bxc6 bxc6 11.Nbd2 Nxc3 12.Qe1 d6 
13.Nc4 Nd5 14.exd6 Qxe1 15.Rfxe1 Bg4 16.Nfe5 f6 
17.Nd7 Bxd7 18.Nxb6 Nxb6 19.Bf4 cxd6 20.Bxd6 Rfe8 
21.Bc7 Rxe1+ 22.Rxe1 Nd5 23.Bd6 Re8 24.Rd1 Nc3 
25.Ra1 Nxa2 26.h4 Re6 27.Bc7 Nxb4 28.Rb1 c5 29.Bb6 
Rxb6 30.Rd1 Rb7 31.g4 Bxg4 32.Rd8+ Kf7 33.Rd4 cxd4 
34.h5 Bxh5 35.f4 d3 36.f5 d2 37.Kf2 d1Q 38.Kg3 Qd4 
39.Kh3 Re7 40.Kg3 Re3+ 41.Kf2 Qd2+ 0-1

[Event "HCL-B3861"]
[Site "www.playchess.de"]
[Date "2006.02.01"]
[Round "1"]
[White "evets"]
[Black "GMO"]
[WhiteElo "1392"]
[BlackElo "1331"]
[PlyCount "82"]
[Result "0-1"]

1.d4 d5 2.Nf3 e6 3.Nbd2 Nf6 4.e3 Be7 5.Bd3 h6 
6.O-O O-O 7.Re1 Nc6 8.e4 dxe4 9.Nxe4 Nxd4 10.Nxd4 
Qxd4 11.Ng5 Qg4 12.Qxg4 Nxg4 13.Nf3 Bc5 14.Be3 
Nxe3 15.fxe3 Bd7 16.Rad1 Rad8 17.Ne5 Kh8 18.Be4 
Bd6 19.Nxd7 Rxd7 20.Bxb7 Rfd8 21.Bc6 Bxh2+ 22.Kxh2 
R7xd1 23.Rxd1 Rxd1 24.e4 Rb1 25.Ba4 Rxb2 26.Bb3 a5 
27.a4 c5 28.Kg3 c4 29.Bxc4 Rxc2 30.Bb5 Kh7 31.Kf3 
f6 32.g4 e5 33.Ke3 Kg6 34.Bd7 Kg5 35.Kd3 Rc7 
36.Be6 h5 37.gxh5 Kxh5 38.Ke3 g5 39.Kf3 Rc3+ 
40.Kg2 Kh4 41.Bf5 Rc4 0-1

[Event "HCL-C4059"]
[Site "www.playchess.de"]
[Date "2006.02.01"]
[Round "8"]
[White "Bo"]
[Black "epenz"]
[WhiteElo "800"]
[BlackElo "993"]
[PlyCount "36"]
[Result "0-1"]

1.d4 d5 2.Nf3 Nf6 3.Nc3 e6 4.Bf4 a6 5.e3 Bd6 6.Qe2 
O-O 7.O-O-O c5 8.Be5 Qe7 9.h4 Nc6 10.h5 h6 11.a4 
c4 12.Bxd6 Qxd6 13.Kb1 Ne4 14.Ka1 Nxc3 15.bxc3 b5 
16.axb5 axb5+ 17.Kb1 Qa3 18.Nd2 
Qa1+ 0-1

[Event "HCL-C4081"]
[Site "www.playchess.de"]
[Date "2006.02.01"]
[Round "9"]
[White "newplayer"]
[Black "DavidFields"]
[WhiteElo "1085"]
[BlackElo "1178"]
[PlyCount "65"]
[Result "1-0"]

1.e4 c5 {hello from Texas, USA}  2.e5 {hi lonestar 
good luck}  f6 3.exf6 Nxf6 4.d4 cxd4 5.Qxd4 Nc6 
6.Qd1 d5 7.Bb5 a6 8.Bxc6+ bxc6 9.Bg5 e5 10.Nf3 Bg4 
11.h3 Bh5 12.g4 Bg6 13.Nxe5 Qd6 14.Qe2 Be7 15.Nxg6 
hxg6 16.Nc3 O-O 17.O-O-O Rfe8 18.Kb1 Bd8 19.Qd3 
Nh7 20.Bxd8 Rexd8 21.h4 Qf4 22.f3 Nf8 23.Ne2 Qf6 
24.g5 Qf7 25.f4 Ne6 26.Rdf1 c5 27.h5 c4 28.Qh3 
gxh5 29.Qxh5 Qxh5 30.Rxh5 g6 31.Rh6 Kg7 32.f5 Rdf8 
33.Rxg6+ 1-0

[Event "HCL-E1539"]
[Site "www.playchess.de"]
[Date "2006.02.01"]
[Round "5"]
[White "BohdanL"]
[Black "Vinci"]
[WhiteElo "1486"]
[BlackElo "1583"]
[PlyCount "60"]
[Result "0-1"]

1.e4 {Hi, nice to meet you again, have a nice 
game}  e6 {hi, thanks! happy new year and enjoy 
the game!}  2.Qe2 {Thanks and Happy New Year too, 
all the best wishes}  c5 {thank you very much!}  
3.f4 Qh4+ 4.g3 {interesting move, cannot find in 
any database (my favorite on chesslive.de)}  Qd8 
{it loses a tempo, but opens your position...}  
5.Nf3 {may be it not so bad}  Nc6 6.Bg2 d6 7.d3 
Nge7 8.c3 Ng6 9.Na3 Be7 10.Nc2 Bd7 11.O-O h5 12.h4 
Qc7 13.f5 exf5 14.Bg5 f6 15.exf5 fxg5 16.fxg6 gxh4 
17.gxh4 O-O-O 18.d4 Rde8 19.Qf2 Rhf8 20.dxc5 dxc5 
21.Rae1 Rf6 22.Ne3 Be6 23.Qc2 Qg3 24.Qa4 Rxg6 
25.Ng5 Bxg5 26.hxg5 Rxg5 27.Qe4 Bd7 28.Qf4 Rxe3 
{nice, how all the material manages it together... 
beautiful situation, always with the mate on g2.}  
29.Qxg3 {you managed to open my King completely, 
:-), nice play}  Rexg3 {yes, opening the position 
was my goal. beginning with 3. ... Qh4+, than you 
12. h4 und 13. f5 and i could make the 0-0-0 long 
rochade}  30.Rf2 {I had to make long rochade too, 
for safity, but i like to play KG when often with 
0-0 the battle is on the open kingside.
Next move i will resign, i was not agree with mate 
on g2 :-)}  Bh3 {i like playing KG too and prefer 
0-0-0 than. thank you for the exciting game as 
usual with you.}  0-1

[Event "HCL-C4104"]
[Site "www.playchess.de"]
[Date "2006.02.01"]
[Round "8"]
[White "nichju"]
[Black "epenz"]
[WhiteElo "1035"]
[BlackElo "1004"]
[PlyCount "87"]
[Result "1-0"]

1.e4 e5 {hallo}  2.Nf3 {Hello again}  Nc6 3.Bc4 h6 
4.c3 d6 5.d4 Nf6 6.d5 Ne7 7.Be3 c6 8.dxc6 bxc6 
9.O-O d5 10.exd5 cxd5 11.Bd3 e4 12.Bb5+ Bd7 13.Nd4 
a6 14.Be2 Nf5 15.Nxf5 Bxf5 16.Qa4+ Bd7 17.Qd4 Be7 
18.Nd2 O-O 19.f3 Bf5 20.fxe4 Bxe4 21.Qa4 a5 22.c4 
d4 23.Nxe4 dxe3 24.c5 Qc7 25.Rac1 Rfc8 26.Rf3 Nd5 
27.Bc4 Qe5 28.Bb3 Qxb2 29.Qc4 Qe5 30.c6 Bb4 31.Qd3 
f5 32.Bxd5+ Kh7 33.Rxe3 fxe4 34.Bxe4+ Kg8 35.Bd5+ 
Qxd5 36.Qxd5+ Kh7 37.Qf5+ Kg8 38.Rh3 Rcf8 39.Qg6 
Ra6 40.Rxh6 Rf6 41.Qh7+ Kf7 42.Rxf6+ Kxf6 43.c7 
Ra8 44.Rf1+ 1-0

[Event "HCL-B3804"]
[Site "www.playchess.de"]
[Date "2006.02.01"]
[Round "15"]
[White "evets"]
[Black "ulibear"]
[WhiteElo "1445"]
[BlackElo "1264"]
[PlyCount "98"]
[Result "0-1"]

1.Nf3 d5 2.d4 g6 3.b3 Bg7 4.Bb2 c5 5.e3 cxd4 
6.Bxd4 Nf6 7.Bb5+ Bd7 8.Bxd7+ Nbxd7 9.O-O O-O 
10.Re1 Re8 11.Bb2 e5 12.Nc3 Nb6 13.h3 e4 14.Nd4 
Nfd7 15.Ncb5 Nc5 16.Ba3 Ne6 17.Nd6 Re7 18.Rc1 Nxd4 
19.exd4 Rd7 20.Nb5 a6 21.Nc3 Rc8 22.Bb2 f5 23.Ne2 
Rdc7 24.c3 Nd7 25.Nf4 Nf8 26.f3 Bh6 27.g3 Bxf4 
28.gxf4 Qh4 29.fxe4 Qg3+ 30.Kf1 Qxh3+ 31.Kf2 Qh2+ 
32.Kf1 Qxb2 33.exf5 R7xc3 34.Rxc3 Qxc3 35.fxg6 
Qh3+ 36.Ke2 Qg4+ 37.Kd2 Qxf4+ 38.Kd3 Qf5+ 39.Kd2 
Nxg6 40.Re2 Qg5+ 41.Re3 Re8 42.Qf3 Qxe3+ 43.Qxe3 
Rxe3 44.Kxe3 Kf7 45.b4 b5 46.a3 Ke6 47.Kf3 Kf5 
48.Ke3 Nf4 49.Kf3 Ne6 0-1

[Event "HCL-C4113"]
[Site "www.playchess.de"]
[Date "2006.02.01"]
[Round "10"]
[White "Skipper_Robert"]
[Black "Ultimate"]
[WhiteElo "1016"]
[BlackElo "800"]
[PlyCount "40"]
[Result "0-1"]

1.e4 e5 2.Nf3 Nc6 3.Bc4 Bc5 4.d3 Nf6 5.O-O O-O 
6.h3 d6 7.Bd2 Be6 8.a3 Bxc4 9.dxc4 Nxe4 10.Nc3 
Nxc3 11.Bxc3 e4 12.Nd2 Qh4 13.Qg4 Qxg4 14.Rae1 Qf5 
15.Nxe4 Rae8 16.Ng3 Qxc2 17.Bxg7 Rxe1 18.Bxf8 
Qxf2+ 19.Kh2 Rxf1 20.Be7 Qg1+ 0-1

[Event "HCL-C4136"]
[Site "www.playchess.de"]
[Date "2006.02.01"]
[Round "10"]
[White "Ulpe"]
[Black "Skipper_Robert"]
[WhiteElo "1583"]
[BlackElo "999"]
[PlyCount "57"]
[Result "1-0"]

1.e4 e5 2.Nf3 Nc6 3.Bb5 d5 4.exd5 Qxd5 5.Nc3 Qc5 
6.Qe2 Bd7 7.d4 Qe7 8.Nd5 Qd6 9.c4 O-O-O 10.dxe5 
Qg6 11.O-O Bg4 12.Bxc6 bxc6 13.Nf4 Qf5 14.h3 Bxf3 
15.Qxf3 Qxe5 16.Qxc6 Kb8 17.Nd5 Rxd5 18.Qxd5 Bd6 
19.Qxe5 Bxe5 20.Re1 f6 21.f4 Bd4+ 22.Be3 Bxb2 
23.Rab1 Nh6 24.Rxb2+ Kc8 25.Bxa7 Kd7 26.Rd2+ Kc6 
27.Re6+ Kb7 28.Rb2+ Kxa7 29.Re3 1-0

[Event "HCL-E1522"]
[Site "www.playchess.de"]
[Date "2006.02.01"]
[Round "6"]
[White "Gio"]
[Black "Matu"]
[WhiteElo "2000"]
[BlackElo "1530"]
[PlyCount "56"]
[Result "0-1"]

1.d4 Nf6 2.c4 e6 3.Nf3 d5 4.Nc3 a6 5.cxd5 Nxd5 
6.e4 Nxc3 7.bxc3 c5 8.Be2 cxd4 9.cxd4 Bb4+ 10.Bd2 
Qa5 11.Bxb4 Qxb4+ 12.Qd2 Nc6 13.Qxb4 Nxb4 14.O-O 
O-O 15.d5 exd5 16.exd5 Nxd5 17.Rfd1 Nc3 18.Rd2 
Nxe2+ 19.Rxe2 Bg4 20.h3 Bxf3 21.gxf3 Rfe8 22.Rb2 
b5 23.a4 bxa4 24.Rxa4 Re6 25.Kg2 Kf8 26.Rb7 Re7 
27.Rb6 Re6 28.Rb7 g6 0-1

[Event "HCL-A2377"]
[Site "www.playchess.de"]
[Date "2006.02.01"]
[Round "11"]
[White "Andy1"]
[Black "crankn8tr"]
[WhiteElo "1487"]
[BlackElo "1392"]
[PlyCount "102"]
[Result "0-1"]

1.e4 c5 2.Nf3 e6 3.d4 cxd4 4.Nxd4 a6 5.Bd3 Bc5 
6.c3 d5 7.O-O dxe4 8.Bxe4 Nf6 9.Bf3 O-O 10.Bg5 
Nbd7 11.Nd2 Qb6 12.N2b3 Be7 13.Re1 Rd8 14.Qc2 Nf8 
15.Be3 Ng6 16.Nc6 Qc7 17.Nxd8 Bxd8 18.Rad1 Be7 
19.Rd2 Ne5 20.Bf4 Nxf3+ 21.gxf3 Qxf4 22.Red1 Nd5 
23.c4 Qg5+ 24.Kh1 Nf4 25.Rg1 Qf6 26.Rgd1 e5 27.Qe4 
Qg5 28.Rg1 Qf6 29.Nc1 Rb8 30.Ne2 Bf5 31.Qe3 Nh3 
32.Rg2 Ng5 33.Ng3 Bh3 34.Ne4 Bxg2+ 35.Kxg2 Nxe4 
36.fxe4 Qg5+ 37.Qxg5 Bxg5 38.Rd5 Bf6 39.c5 Rd8 
40.Kf3 Kf8 41.a4 Ke7 42.b4 Rd7 43.b5 axb5 44.axb5 
Rc7 45.Ke3 Ke6 46.Kd3 Be7 47.Kc4 f5 48.f3 g5 49.h3 
h5 50.b6 Rc6 51.exf5+ Kxf5 0-1

[Event "HCL-A2545"]
[Site "www.playchess.de"]
[Date "2006.02.01"]
[Round "9"]
[White "pop3dan"]
[Black "ippuli"]
[WhiteElo "1300"]
[BlackElo "1637"]
[PlyCount "89"]
[Result "1-0"]

1.e4 e5 {Hello! Good luck....}  2.Nf3 {good luck}  
f5 3.Nxe5 Qf6 4.d4 d6 5.Nc4 fxe4 6.Nc3 Qg6 7.f3 
Nf6 8.fxe4 Be7 9.e5 dxe5 10.Nxe5 Qf5 11.Bd3 Qe6 
12.O-O Nbd7 13.Bc4 Qd6 14.Nf7 Qc6 15.Bb5 Qb6 
16.Nxh8 c5 17.Be3 a6 18.dxc5 Bxc5 19.Bxd7+ Bxd7 
20.Bxc5 Qxc5+ 21.Kh1 O-O-O 22.Nf7 Rf8 23.Qd6 Qxd6 
24.Nxd6+ Kc7 25.Nde4 Bc6 26.Nxf6 gxf6 27.Rae1 h5 
28.Rf5 Be8 29.Rxf6 Rg8 30.Re7+ Kb8 31.Kg1 Bc6 
32.g3 h4 33.Kf2 hxg3+ 34.hxg3 Rh8 35.Ke3 Rh2 
36.Ne2 Rg2 37.Rg7 Bb5 38.Nd4 Bc4 39.a4 Bd5 40.a5 
Rg1 41.c4 Bh1 42.Rf8+ Ka7 43.Rgg8 b6 44.Rg7+ Bb7 
{Mate in one, thank you (Nc6X)!! :-)}  
45.Nc6+ 1-0

[Event "HCL-C4054"]
[Site "www.playchess.de"]
[Date "2006.02.01"]
[Round "17"]
[White "mudelta"]
[Black "pytolo98"]
[WhiteElo "1125"]
[BlackElo "1232"]
[PlyCount "103"]
[Result "1-0"]

1.e4 {hi gl}  e5 {Thanks GL}  2.Nf3 Qf6 3.Nc3 Bc5 
4.Nd5 Qd8 5.Nxe5 c6 6.Nc3 Qf6 7.Nf3 d6 8.d4 Bb4 
9.Bd2 Bg4 10.Be2 Bxf3 11.Bxf3 Ne7 12.O-O Nd7 
13.Re1 Qxd4 14.a3 Bxc3 15.bxc3 Qc5 16.Qe2 Ne5 
17.Reb1 b6 18.Rbd1 d5 19.exd5 cxd5 20.Qxe5 O-O 
21.Be3 d4 22.Bxd4 Qxe5 23.Bxe5 Ng6 24.Bxa8 Rxa8 
25.Bc7 Rc8 26.Rd7 Re8 27.Bd6 h6 28.g3 a5 29.Rb7 b5 
30.Rxb5 Re6 31.Bc7 a4 32.Rd1 Rc6 33.Ba5 Ne7 34.Rd4 
Re6 35.Rxa4 Re2 36.Rb2 Nf5 37.Kf1 Rd2 38.Ke1 Rd5 
39.c4 Re5+ 40.Kf1 h5 41.Bc7 Re7 42.Ra8+ Kh7 43.Bd8 
Rd7 44.Rb5 Nd4 45.Rd5 Rxd5 46.cxd5 Nb5 47.c4 Nd6 
48.c5 Nb5 49.d6 g5 50.Bxg5 Kg6 51.Bf4 Kf5 
52.d7 1-0

[Event "HCL-C4083"]
[Site "www.playchess.de"]
[Date "2006.02.01"]
[Round "5"]
[White "epenz"]
[Black "Linman2"]
[WhiteElo "952"]
[BlackElo "800"]
[PlyCount "38"]
[Result "0-1"]

1.e4 {hi}  c5 {hi}  2.Nf3 d6 3.d3 Nf6 4.Be2 e6 
5.O-O Be7 6.Nc3 O-O 7.Bg5 Nc6 8.Bxf6 Bxf6 9.a3 a6 
10.b4 Bxc3 11.Rb1 cxb4 12.axb4 Bxb4 13.c4 a5 14.d4 
d5 15.e5 dxc4 16.Bxc4 Ne7 17.Re1 Bxe1 18.Nxe1 Nd5 
19.Nf3 Nc3 0-1

[Event "HCL-E1535"]
[Site "www.playchess.de"]
[Date "2006.02.01"]
[Round "7"]
[White "temple"]
[Black "Emerson"]
[WhiteElo "1727"]
[BlackElo "1792"]
[PlyCount "59"]
[Result "1/2-1/2"]

1.d4 {Hello,Happy New Year.}  Nf6 {thank you! best 
wishes from germany...}  2.c4 e6 3.Nf3 Bb4+ 4.Bd2 
Qe7 5.a3 Bxd2+ 6.Nbxd2 d5 7.e3 c6 8.Bd3 Nbd7 9.O-O 
O-O 10.b3 e5 11.dxe5 Nxe5 12.Nxe5 Qxe5 13.cxd5 
Nxd5 14.Nc4 Qg5 15.Qf3 Be6 16.Nd6 Qe7 17.Nf5 Qf6 
18.Qe4 Bxf5 19.Qxf5 Qxf5 20.Bxf5 g6 {(offering 
draw)}  21.Bc2 Rad8 22.Be4 Nc3 23.Bf3 Rd2 24.Rfc1 
Ne2+ 25.Bxe2 Rxe2 26.Kf1 Rd2 27.Ke1 Rfd8 28.Rcd1 
R2xd1+ 29.Rxd1 Rxd1+ 30.Kxd1 {(offering draw)} 
 1/2-1/2

[Event "HCL-B3583"]
[Site "www.playchess.de"]
[Date "2006.02.01"]
[Round "6"]
[White "shosan"]
[Black "Maahinen"]
[WhiteElo "1141"]
[BlackElo "1616"]
[PlyCount "98"]
[Result "0-1"]

1.e4 c6 2.d4 d5 3.e5 Bf5 4.Ne2 e6 5.Ng3 Bg6 6.h4 
h5 7.Be2 c5 8.Bxh5 Bxh5 9.Nxh5 cxd4 10.c3 Nc6 
11.cxd4 Qb6 12.Nf4 Qxd4 13.Qxd4 Nxd4 14.Kd1 Ne7 
15.Nc3 Nec6 16.Nd3 Be7 17.h5 Rc8 18.Be3 Nf5 19.Bd2 
Nh4 20.Ne2 Nxg2 21.Rg1 Nh4 22.Rxg7 Rxh5 23.Rg8+ 
Kd7 24.Rxc8 Kxc8 25.Ng3 Rh8 26.Bc3 Ng6 27.Rc1 Rh4 
28.b4 Kd7 29.b5 Nd4 30.Rb1 Nf3 31.b6 a6 32.Rb3 Ra4 
33.Ke2 Ng1+ 34.Kf1 Nh3 35.Ne2 Rxa2 36.f4 Ra4 
37.Bd2 Rc4 38.Bc1 a5 39.Ba3 a4 40.Nc5+ Bxc5 
41.Rxh3 Kc6 42.Bxc5 Kxc5 43.Ke1 Kxb6 44.Kd2 Nxf4 
45.Nxf4 Rxf4 46.Rh8 Kc5 47.Ra8 b5 48.Ra7 Kd4 
49.Ra6 Kxe5 0-1

[Event "HCL-B3831"]
[Site "www.playchess.de"]
[Date "2006.02.01"]
[Round "17"]
[White "Tofik"]
[Black "RUDI"]
[WhiteElo "1377"]
[BlackElo "1237"]
[PlyCount "68"]
[Result "1/2-1/2"]

1.e4 {Hallo}  e5 {Hallo!}  2.f4 Nc6 3.fxe5 Nxe5 
4.Nf3 {waere es Q:h4+ nicht besser?}  Nxf3+ {Die 
Dame traut sich bei mir nicht so weit raus...}  
5.Qxf3 Bc5 6.Bc4 Qf6 7.Nc3 c6 8.d3 Qxf3 9.gxf3 Ne7 
10.Bf4 O-O 11.O-O-O d6 12.Rd2 Ng6 13.d4 Nxf4 
14.dxc5 dxc5 15.h4 Be6 16.Bd3 b5 17.a3 b4 18.axb4 
cxb4 19.Ne2 Nxe2+ 20.Bxe2 Rfd8 21.Rhd1 Rxd2 
22.Rxd2 a5 23.Rd6 Rc8 24.Ba6 Rb8 25.Rxc6 g6 26.b3 
Ra8 27.Bb5 Bd7 28.Rc5 Bxb5 {(offering draw)}  
29.Rxb5 Ra7 30.Kb2 Kf8 31.c4 bxc3+ 32.Kxc3 Ke7 
33.f4 a4 34.bxa4 Rxa4 {(offering draw)} 
 1/2-1/2

[Event "HCL-M872"]
[Site "www.playchess.de"]
[Date "2006.02.01"]
[Round "21"]
[White "Grabanzito"]
[Black "Palamede"]
[WhiteElo "1733"]
[BlackElo "2201"]
[PlyCount "50"]
[Result "0-1"]

1.e4 {Hello from Cologne and good luck}  c5 2.d4 
cxd4 {Hello from Ljubljana and good luck!}  3.c3 
dxc3 4.Nxc3 Nc6 5.Nf3 d6 6.Bc4 a6 7.O-O Nf6 8.Qe2 
Bg4 9.Rd1 e6 10.h3 Bxf3 11.Qxf3 Be7 12.Qe2 O-O 
13.Bf4 Qb8 14.Rac1 b5 15.Bb3 Rc8 16.Bg3 Nd7 17.Nd5 
Bf8 18.Qh5 Qa7 19.Nf4 Nf6 20.Qh4 Nd4 21.Rxc8 Rxc8 
22.Nd3 h6 23.e5 g5 24.Qxd4 {Ouch, I'm such an 
idiot}  Qxd4 {Such mistakes are part of chess and 
this time I was the lucky one. I know how you feel 
from my own experience.}  25.exf6 
Qxf6 0-1

[Event "HCL-E1490"]
[Site "www.playchess.de"]
[Date "2006.02.01"]
[Round "5"]
[White "afraxseey2"]
[Black "tomy"]
[WhiteElo "2100"]
[BlackElo "1532"]
[PlyCount "56"]
[Result "0-1"]

1.e4 e5 2.Nf3 Nf6 3.Bc4 Nc6 4.d4 d6 5.dxe5 Nxe4 
6.Bxf7+ Kxf7 7.Qd5+ Be6 8.Qxe4 dxe5 9.Nxe5+ Nxe5 
10.Qxe5 Bd6 11.Qh5+ g6 12.Qf3+ Qf6 13.Qxf6+ Kxf6 
14.Nd2 Bf5 15.Kd1 Rad8 16.b3 Be5 17.Rb1 Bc3 18.Re1 
Rd7 19.Re3 Bd4 20.Bb2 Rhd8 21.Bxd4+ R7xd4 22.Re2 
c5 23.Rb2 b5 24.c3 R4d3 25.c4 bxc4 26.bxc4 Rc3 
27.h3 h5 28.Ke1 Rc1+ 0-1

[Event "HCL-B3685"]
[Site "www.playchess.de"]
[Date "2006.02.01"]
[Round "8"]
[White "gordi"]
[Black "JMD"]
[WhiteElo "1262"]
[BlackElo "1362"]
[PlyCount "159"]
[Result "1-0"]

1.e4 e5 {hello from PARIS}  2.Nf3 {Hi. How are 
you.}  Nf6 3.Nc3 Nc6 4.Bc4 Bc5 5.O-O d6 6.h3 a6 
7.Ng5 O-O 8.d3 b5 9.Bd5 Nxd5 10.Nxd5 h6 11.Nf3 Be6 
12.Ne3 Qd7 13.a3 Ne7 14.b4 Ba7 15.c3 Ng6 16.d4 Nf4 
17.dxe5 Nxh3+ 18.gxh3 Bxh3 19.Nh2 Bxf1 20.Qxf1 
dxe5 21.Nf5 Kh8 22.Qg2 Qd1+ 23.Nf1 Rfg8 24.Bb2 Qe2 
25.Rb1 Rae8 26.N1g3 Qg4 27.Kf1 Qg6 28.Rd1 Qc6 
29.Qf3 Kh7 30.Nh4 Qe6 31.Qf5+ g6 32.Qxe6 Rxe6 
33.Rd7 Rf6 34.Nh1 Bb6 35.Re7 Rf4 36.Ng2 Rxe4 
37.Rxf7+ Rg7 38.Rxg7+ Kxg7 39.Ng3 Rc4 40.f3 a5 
41.Ke2 a4 42.Ne3 Bxe3 43.Kxe3 h5 44.Ne4 h4 45.Kf2 
Rc6 46.Bc1 Re6 47.Ng5 Rc6 48.Bd2 Rd6 49.Ke3 Kf6 
50.Ne4+ Kf5 51.Nxd6+ cxd6 52.Be1 h3 53.Bg3 g5 
54.Kf2 g4 55.Bh2 Kg5 56.Kg3 d5 57.fxg4 e4 58.Kxh3 
e3 59.Bg3 e2 60.Bh4+ Kg6 61.Kg2 Kh6 62.Kf2 Kg6 
63.Kxe2 Kf7 64.Kd3 Ke6 65.Kd4 Kd6 66.g5 Ke6 67.Kc5 
Kf5 68.Kxd5 Kg4 69.g6 Kxh4 70.g7 Kg4 71.g8Q+ Kf4 
72.Qe6 Kf3 73.Qe4+ Kf2 74.Kd4 Kf1 75.Kd3 Kg1 
76.Ke2 Kh2 77.Kf2 Kh3 78.Kf3 Kh2 79.Qg4 Kh1 
80.Qg2+ 1-0

[Event "HCL-A2556"]
[Site "www.playchess.de"]
[Date "2006.02.01"]
[Round "2"]
[White "Andy1"]
[Black "archship"]
[WhiteElo "1446"]
[BlackElo "1208"]
[PlyCount "69"]
[Result "1-0"]

1.e4 c5 2.Nf3 d6 3.d4 cxd4 4.Nxd4 a6 5.Bd3 Nf6 
6.O-O g6 7.Bg5 Bg7 8.c3 h6 9.Be3 O-O 10.Qd2 Ng4 
11.h3 Nxe3 12.Qxe3 e5 13.Nf3 Nd7 14.Nbd2 Nf6 
15.Rad1 Nh5 16.Bc4 Nf4 17.h4 Bg4 18.Rdc1 Bxf3 
19.Nxf3 Bf6 20.g3 Nh3+ 21.Kg2 Qd7 22.Rfh1 b5 
23.Bd5 Nf4+ 24.gxf4 Qg4+ 25.Kf1 exf4 26.Qd3 h5 
27.Ke2 g5 28.Bxa8 Rxa8 29.hxg5 Bg7 30.Qxd6 Kh7 
31.Rcg1 Qe6 32.Rxh5+ Kg6 33.Qxe6+ fxe6 34.Rhh1 Rd8 
35.Rgd1 1-0

[Event "ACL-A659"]
[Site "www.playchess.de"]
[Date "2006.02.01"]
[Round "7"]
[White "BDG_Girl"]
[Black "PhilipKaveny"]
[WhiteElo "1817"]
[BlackElo "1500"]
[PlyCount "49"]
[Result "1-0"]

1.d4 {Hello and good luck!}  g6 {Yes You to}  2.c4 
d6 3.Nc3 Bg7 4.e4 c5 5.dxc5 Bxc3+ 6.bxc3 Qa5 
7.cxd6 Qxc3+ 8.Bd2 Qd4 9.Nf3 Qxd6 10.Bc3 Qxd1+ 
11.Rxd1 Nf6 12.Bd3 O-O {Not Your best but good 
enough. It is a pleasure to play stronger players 
and have nothing to lose}  13.O-O Bg4 {(offering 
draw)}  14.Rd2 Bxf3 15.gxf3 Nc6 16.Rb1 b6 17.Kf1 
Nh5 18.Bc2 e6 19.Ba4 Na5 {I may regret this line 
but I am not going to go gladly into the good 
night}  20.Bxa5 {Now lets see if I can cause you 
some trouble with my c pawn!}  bxa5 {You are 
trouble ):}  21.c5 Rab8 22.Rxb8 Rxb8 23.c6 Rc8 
{sorry this has turned pathetic on my part}  
24.Rd7 Nf6 25.Rxa7 1-0

[Event "HCL-A2569"]
[Site "www.playchess.de"]
[Date "2006.02.01"]
[Round "2"]
[White "Maahinen"]
[Black "PartyJokker"]
[WhiteElo "1691"]
[BlackElo "1323"]
[PlyCount "29"]
[Result "1-0"]

1.d4 {godd luck from ottawa,canada
}  d5 2.c4 e6 3.Nc3 Bb4 4.Qc2 Bxc3+ 5.Qxc3 Ne7 
6.Nf3 O-O 7.e3 b6 8.Be2 Ba6 9.b3 Qd6 10.Bb2 Ng6 
11.O-O Bb7 12.a4 Nd7 13.Rfc1 dxc4 14.bxc4 Be4 
15.Nd2 1-0